000 01345nam a2200373 i 4500
005 20220317002023.0
007 ta
008 201106s2014 ck jr 000 fdspa d
020 _a9789585758087
040 _aCO-BoRNBP
_bspa
_erda
_cCO-BoRNBP
041 1 _aspa
_heng
084 _aN FOL1
100 1 _aFollett​, Kenneth Martin
_d1949-
_eautor
245 1 3 _aEl misterio de los estudios Kellerman
_cKen Follett ; traducción de Nando Garí
250 _aPrimera edición
264 1 _aBogotá
_bPenguin Random House
_bMontena
_c2014
300 _a173 páginas
_bilustraciones
_c21 cm
336 _2rdacontent
_atexto
_btxt
337 _2rdamedia
_asin mediación
_bn
338 _2rdacarrier
_avolumen
_bnc
521 _aRecomendado para un público mayor de 12 años
534 _tThe secret of the Kellerman's Studio
545 _aIncluye datos biográficos del autor al final del texto
650 1 7 _2LEMB
_aNovela juvenil inglesa
_ySiglo XX
650 1 7 _2LEMB
_aLiteratura juvenil inglesa
_ySiglo XX
650 1 7 _2LEMB
_aAutores ingleses
_ySiglo XX
650 1 7 _2LEMB
_aDetectives
_vNovela
650 1 7 _2LEMB
_aDelincuencia juvenil
_yNovela
650 1 7 _2LEMB
_aHurto
_vNovela
650 1 7 _2LEMB
_aLadrones
_vNovela
651 4 _aLondres, (Inglaterra)
_vNovela
_9154019
700 1 _aGarí, Nando
_etraductor
_9157161
942 _2loc
_cBKLIT
999 _c8919
_d8919